|
|
|
|
| LEADER |
00000cam a2200000 7i4500 |
| 001 |
0000140676 |
| 005 |
20100423.0 |
| 020 |
|
|
|a 9789837029378
|
| 090 |
0 |
0 |
|a 640.71
|b HUS
|
| 100 |
0 |
|
|a Husaini Hasan
|
| 245 |
1 |
0 |
|a Kemahiran Hidup Bersepadu Ekonomi Rumah Tangga PMR :
|b tingkatan 3 KBSM
|c Husaini Hasan, Mohd Nadzri Kassim, Zainab Abd. Kadir
|
| 260 |
|
|
|a Shah Alam :
|b Cerdik Publications Sdn.Bhd. ,
|c 2010
|
| 300 |
|
|
|a 46p. ;
|c 26cm.
|
| 490 |
0 |
|
|a Praktis@Cerdik
|
| 500 |
|
|
|a Koleksi Terhad
|
| 650 |
0 |
0 |
|a Home economics
|x PMR
|
| 700 |
0 |
|
|a Mohd Nadzri Kassim
|
| 700 |
0 |
|
|a Zainab Abd. Kadir
|
| 999 |
|
|
|a 00230562
|b BUKU
|c RUJUKAN ULANGKAJI
|e PERPUSTAKAAN KOMUNITI CAW KOTA DAMANSARA
|
| 999 |
|
|
|a 00230563
|b BUKU
|c RUJUKAN ULANGKAJI
|e PERPUSTAKAAN KOMUNITI CAW KOTA DAMANSARA
|